Statistics for Jujustu Kaisen character quiz

Click here to take the quiz!

General Stats

  • This quiz has been taken 314 times
  • The average score is 14 of 20

Answer Stats

HintAnswer% Correct
The protagonistItadori Yuji
96%
The Strongest SorcererSatoru Gojo
96%
The King of CursesSukuna
90%
Is a walking and talking animalPanda
88%
Uses nails and a hammerKugisaki Nobara
87%
Cursed weapons userMaki
83%
Sorcerer working with cursesGeto
78%
Sorcerer that uses a 7 to 3 ratioKento Nanami
78%
Uses shadow beastsMegumi Fushiguro
77%
Patch faced curseMahito
75%
Speaks in onigiri ingredientsToge Inumaki
73%
Volcano curseJogo
72%
User of the "Boogie Woogie"Aoi Todo
70%
Short haired Kyoto twinMai
65%
Nature curseHanami
62%
School nurseIeiri Shoko
55%
Kyoto teacherIori Utahime
41%
Principal of the Tokyo schoolMasamichi Yaga
41%
The black-haired chauffeurKiyotaka Ijichi
28%
Principal of the Kyoto schoolYoshinobu Gakuganji
22%

Score Distribution

Percentile by Number Answered

Percent of People with Each Score

Your Score History

You have not taken this quiz